| 000 | 00473nam a2200169 i 4500 | ||
|---|---|---|---|
| 001 | 36359 | ||
| 003 | ES-MaACL | ||
| 005 | 20230906155343.0 | ||
| 007 | t| | ||
| 008 | 030218q1902 fr ||||1| fre d | ||
| 100 | 1 |
_aBourget, Paul ( _d1852-1935) _930991 |
|
| 245 | 1 | 0 |
_aCruelle énigme _b: profils perdus / _cPaul Bourget. |
| 250 | _aEdition définitive. | ||
| 260 |
_aParis : _bPlon, Nourrit et Cie, _c[1902?] |
||
| 300 |
_a297 p. ; _c19 cm. |
||
| 852 |
_aES-MaACL _jG-8578 |
||
| 999 |
_c36359 _d36359 |
||